Statistics for XFL 2020 Teams

Click here to take the quiz!

General Stats

  • This quiz has been taken 14 times
  • The average score is 6 of 8

Answer Stats

Answer % Correct
Houston Roughnecks
92%
Dallas Renegades
85%
DC Defenders
85%
St. Louis Battlehawks
85%
Tampa Bay Vipers
85%
New York Guardians
69%
Los Angeles Wildcats
62%
Seattle Dragons
62%

Score Distribution

Percentile by Number Answered

Percent of People with Each Score

Your Score History

You have not taken this quiz